000 00498nam a2200205Ia 4500
999 _c10775
_d10775
003 OSt
005 20210517140319.0
008 160316s1997 xxu||||| |||| 00| 0 eng d
020 _a9780195642070
040 _cn
082 _a338.900000
_bPAR
100 _aParikh Kivit S
245 _aIndia development report, 1997
260 _aDelhi
_bOxford University Press
_c1997
300 _a257p
365 _bRs.265
650 _a1.Development Report - India
700 _a
_a
942 _2ddc
_cBK